| 000 | 00657nam a22002057a 4500 | ||
|---|---|---|---|
| 003 | 0 | ||
| 005 | 20241113160036.0 | ||
| 008 | 241113b xxu||||| |||| 00| 0 eng d | ||
| 020 | _a978-0-545-32077-1 | ||
| 050 |
_aTR LB 1139.5 _bV484 2006 |
||
| 082 |
_aTR 613.1 _bV484 2006 |
||
| 100 | _aVerdick, Elizabeth | ||
| 245 |
_aGerms are not for sharing _cElizabeth Verdick; illustrated by Marieka Heinlen. |
||
| 260 |
_aNew York, NY : _bScholastic Inc., _cc2006. |
||
| 300 |
_a34 p. : _bcol. ill. ; _c21 cm. |
||
| 650 |
_aHygiene _vJuvenile literature |
||
| 650 |
_aBacteria _vJuvenile literature |
||
| 700 |
_aHeinlen, Marieka, _eillustrator. |
||
| 942 |
_2ddc _cBK |
||
| 999 |
_c366703 _d366703 |
||